| 000 | 01423nam0a2200361 i 4500 | ||
|---|---|---|---|
| 001 | RU\NLR\BIBL_A\010523318 | ||
| 005 | 20241103184944.0 | ||
| 010 |
_a9785443808536 _92000 |
||
| 021 |
_aRU _b2014-65283 _93981 |
||
| 035 | _a(NILC)RuMoRGB-007543913 | ||
| 035 | _a(NLR Aleph) 010523318 | ||
| 090 |
_a10222978 _c10222978 |
||
| 100 | _a20141105d2014 u y0rusy50 ca | ||
| 101 | 0 | _arus | |
| 102 | _aRU | ||
| 105 | _aa|||z|||001yy | ||
| 200 | 1 |
_aАнтисоветчина, или Оборотни в Кремле _fВалерий Шамбаров |
|
| 210 |
_aМосква _cАлгоритм _d2014 |
||
| 215 |
_a590, [1] с. _d20 |
||
| 225 | 1 | _aРусская история | |
| 300 | _aНа обороте тит. л. авт.: писатель-историк Валерий Шамбаров | ||
| 320 | _aБиблиогр.: с. 580-589 (210 назв.) | ||
| 517 | 1 | _aОборотни в Кремле | |
| 607 |
_aСССР _xПолитика и управление _xОппозиционные движения _z1917 - 1991 _92116142 _3RU\NLR\auth\661278382 |
||
| 675 | _a94(47+57)<19> | ||
| 686 | _aТ3(2)7-31 | ||
| 700 | 1 |
_aШамбаров _bВ. Е. _f1956- _gВалерий Евгеньевич _9133930 _3RU\NLR\AUTH\770133964 |
|
| 801 | 0 |
_aRU _bRuMoRKP _c20080930 _gRCR |
|
| 801 | 2 |
_aRU _bРГБ _c20140828 _grcr |
|
| 942 | _cBOOK | ||
| 980 | _aNBR | ||